Strengthen your english for competitive examinations: (Record no. 201278)

MARC details
000 -LEADER
fixed length control field 00666nam a22002057a 4500
005 - DATE AND TIME OF LATEST TRANSACTION
control field 20240307113542.0
010 ## - LCCN (DPL NO)
LC control number ENG-139566
020 ## - INTERNATIONAL STANDARD BOOK NUMBER
International Standard Book Number 9788179662120
Terms of availability 150.00
035 ## - SYSTEM CONTROL NUMBER
System control number EN-123098
037 ## - SOURCE OF ACQUISITION
Source of stock number/acquisition DBAD/PUB
082 ## - DEWEY DECIMAL CLASSIFICATION NUMBER
Classification number 880
100 ## - MAIN ENTRY--PERSONAL NAME
Personal name Farhathullah, T. M.
245 ## - TITLE STATEMENT
Title Strengthen your english for competitive examinations:
Statement of responsibility, etc By T. M. Farhathullah and D. S. Kesava Rao
Medium English
260 ## - PUBLICATION, DISTRIBUTION, ETC. (IMPRINT)
Name of publisher, distributor, etc Emerald
Place of publication, distribution, etc Chennai
Date of publication, distribution, etc 2015
270 ## - ADDRESS
Address 15A, First Floor, Casa Major Road
300 ## - PHYSICAL DESCRIPTION
Extent 185p.
Dimensions 24cm(hbk)
700 ## - ADDED ENTRY--PERSONAL NAME
Personal name Farhathollah T. M.
Relator term Author
9 (RLIN) 62847
700 ## - ADDED ENTRY--PERSONAL NAME
Personal name Rao, D. S. Kesava
Relator term Author
9 (RLIN) 62848
942 ## - ADDED ENTRY ELEMENTS (KOHA)
Source of classification or shelving scheme Dewey Decimal Classification
Item type English Books
Classification part 880
Call number suffix FAR
Holdings
Withdrawn status Lost status Not for loan Collection code Home library Current library Date acquired Source of acquisition Cost, normal purchase price Full call number Barcode Copy number Cost, replacement price Koha item type
      Non-fiction Bawana Bawana 07/03/2024 DBAD 150.00 880 FAR EN-123098 1 150.00 English Books

© Delhi Public Library
Hit Counter
free hit counter